| Registos Bibliográficos associados ao registo de autoridade |
|
Etiqueta de registo: 00254ckm 2200109 450 001 1933727 003 http://id.bnportugal.gov.pt/bib/catbnp/1933727 100 ## $a20160607d1982 me y0pory01030103ba 101 0# $apor 102 ## $aPT 200 1# $aTorres Vedras, Feira de S. Pedro 1982$bVisual gráfico]$f[ilustr.] Saavedra$g[design] Graficas Garme 210 #9 $a[S.l.]$cEmpresa J. V. A.,$d[1982]$e[s.l.] :$gTip. Costa Sanches) 215 ## $a1 cartaz$ccolor.$d100x48 cm 306 ## $aData atribuída em conformidade com o evento, em conjugação com as características
formais do documento 317 ## $aColeção Madeira Luís$5PTBN: CT. 5851 R. 330 ## $aAo alto, em grande plano, reprodução de pintura de Saavedra, com cena de toureio a
cavalo numa praça de touros 675 ## $a75(=1:460)"19"(084.5)$vBN$zpor$31612306 675 ## $a766(=1:469)"198"(084.5)$vBN$zpor$31302430 675 ## $a791.8(469.411Torres Vedras)"1982"(084.5)$vBN$zpor$31648400 702 #1 $aSaavedra,$bSantos,$f1903-1997$4040$31616726 712 02 $aEmpresa J. V. A.$4650$31191885 712 02 $aGraficas Garme$4410$31648401 712 02 $aTipografia de Costa Sanches$c(Lisboa)$4610$31290550 801 #0 $aPT$bBN$gRPC 966 ## $lBN$mICONOG$pFrancisco Madeira Luís$sCT. 5851 R.$x3
|
|
|